Los ojos del hermano eterno

Bewaard in:
Bibliografische gegevens
Hoofdauteur: Zweig, Stefan (autor)
Formaat: Boek
Taal:Spaans
Gepubliceerd in: Barcelona Juventud 1968
Editie:3a. ed
Reeks:Colección Libros de Bolsillo Z, 25
Onderwerpen:
Tags: Voeg label toe
Geen labels, Wees de eerste die dit record labelt!

MARC

LEADER 00000cam a2200000 a 4500
001 UCF2078
003 CL-VaPUC
008 120810e19680000SP |||||||||||||||||spa|d
082 0 4 |a A833  |b ZWE  |2 21 
100 |a Zweig, Stefan  |e autor  |9 523157 
245 1 4 |a Los ojos del hermano eterno 
246 1 0 |a Miedo 
250 |a 3a. ed 
300 |a 159 p 
942 |c BK 
945 |d 20120810 00:00:00  |a cmena 
260 |a Barcelona  |b Juventud  |c 1968 
650 0 |a Novelas austriacas  |9 269443 
650 0 |a Literatura austríaca   |9 334012 
583 |a last modification  |c 20120810 11:35:00  |k Rodrigo Vera 
490 0 |a Colección Libros de Bolsillo Z, 25 
999 |c 348740  |d 348738 
952 |0 0  |1 0  |4 0  |6 A_833_000000000000000_ZWE_1968  |7 0  |8 A  |9 450896  |a BIBART  |b BIBART  |d 2019-11-22  |i 4811429  |l 2  |o A833 ZWE 1968  |p 4811429  |r 2025-03-13  |s 2022-08-30  |w 2019-11-22  |y BK  |k ART